Religion Quiz

Random Religion Quiz

The agony of Jesus - Matthew 26 & 27 (NIV) Quiz Stats

 Plays Quiz not verified by Sporcle

Also try: Book of Mormon
Challenge
Share
Tweet
Embed
Score 0/115 Timer 10:00
0 Plays Today
Hint Answer % Correct
the
96.2%
and
96.2%
a
96.2%
the
96.2%
a
96.2%
and
96.2%
the
96.2%
a
96.2%
I
92.3%
I
92.3%
of
88.5%
to
84.6%
to
84.6%
to
84.6%
to
84.6%
you
80.8%
in
80.8%
you
80.8%
for
76.9%
God
76.9%
God
76.9%
Matthew 26:38Then
73.1%
he
73.1%
he
73.1%
if
73.1%
it
73.1%
Matthew 26:42He
73.1%
if
73.1%
it
73.1%
it
73.1%
My
69.2%
is
69.2%
with
69.2%
me
69.2%
with
69.2%
My
69.2%
Father
69.2%
is
69.2%
this
69.2%
Hint Answer % Correct
be
69.2%
me
69.2%
not
69.2%
will
69.2%
will
69.2%
My
69.2%
Father
69.2%
is
69.2%
not
69.2%
this
69.2%
be
69.2%
your
69.2%
will
69.2%
be
69.2%
done
69.2%
Jesus
69.2%
My
69.2%
my
69.2%
why
69.2%
have
69.2%
me?
69.2%
with
68%
said
65.4%
them
65.4%
away
65.4%
but
65.4%
away
65.4%
away
65.4%
possible
61.5%
taken
61.5%
from
61.5%
possible
61.5%
taken
61.5%
which
61.5%
as
57.7%
as
57.7%
went
57.7%
forsaken
57.7%
death
53.8%
Hint Answer % Correct
here
53.8%
keep
53.8%
cup
53.8%
cup
53.8%
soul
50%
point
50%
Stay
50%
his
50%
time
50%
drink
50%
out
50%
watch
46.2%
may
46.2%
may
46.2%
cried
46.2%
loud
46.2%
voice
46.2%
lama
46.2%
means
46.2%
sorrow
44%
overwhelmed
42.3%
second
42.3%
Eloi
42.3%
Eloi
42.3%
Sabachthani
42.3%
Matthew 26:39Going
38.5%
face
38.5%
prayed
38.5%
Matthew 27:46About
38.5%
ninth
38.5%
hour
38.5%
little
34.6%
ground
34.6%
Yet
34.6%
farther
30.8%
fell
30.8%
unless
26.9%

You're not logged in!

Compare scores with friends on all Sporcle quizzes.
Join for Free
OR
Log In

You Might Also Like...

Show Comments

Extras

Created Apr 4, 2015ReportNominate
Tags:matthew, niv

Top Quizzes Today


Score Distribution

Your Account Isn't Verified!

In order to create a playlist on Sporcle, you need to verify the email address you used during registration. Go to your Sporcle Settings to finish the process.

Report this User

Report this user for behavior that violates our Community Guidelines.

Details: